Statistics for Krunker.io Classes

Click here to take the quiz!

General Stats

  • This quiz has been taken 95 times
    (66 since last reset)
  • The average score is 11 of 14

Answer Stats

Primary weaponClass% Correct
Sniper RifleHunter
96%
Assult RifleTriggerman
93%
Akimbo UziAgent
82%
RevolverDetective
82%
KnifeRunner
82%
Submachine GunRun N Gun
80%
ShotgunVince
78%
CrossbowBowman
71%
Semi AutoMarksman
71%
Light Machine GunSpray N Pray
71%
Rocket LauncherRocketeer
69%
FAMASCommando
64%
BlasterTrooper
64%
Desert EagleDeagler
56%

Score Distribution

Percentile by Number Answered

Percent of People with Each Score

Your Score History

You have not taken this quiz since the last reset